000 00487nam a22001937a 4500
003 MPLRDC
005 20220105061057.0
008 210129b ||||| |||| 00| 0 eng d
020 _a978-986-289-256-5
082 _a719.41 WYQ
100 _a汪雨菁
245 _a英国
_c周治平 摄影
250 _a初版
260 _a台湾
_b墨刻出版股份有限公司
_c2016
300 _b
520 _a上架 2017-03-16。
650 _a英国游记
942 _cBK
_o719.41 WYQ
999 _c68451
_d68441